000 00821nam a2200229Ii 4500
003 JO-AjNU
008 230605s9999||||xx |||||||||||||| ||und||
017 _a2013/6/1956
020 _a978-9957-92-407-7
040 _aJO-AjNU
_bara
_erda
_cJO-AjNU
041 _aara
050 1 4 _aDT194 2014
100 3 _aالسلماني،عبدالله طه,
_eauthor
_960156
245 0 0 _aالدويلات الإسلامية في المغرب
250 _aط1
264 3 1 _aعمان: دار الفكر ناشرون وموزعون، 2014
300 _a360ص
_bيحتوي على مراجع من ص356-360ص
336 _atext
_btxt
_2rdacontent
337 _aunmediated
_bn
_2rdamedia
338 _avolume
_bnc
_2rdacarrier
650 4 _aالفتوحات الاسلامية -التاريخ الاسلامي - المغرب
_960157
999 _aA27111
_c30679
_d30679